Algemene Kennisquiz #7 - Statistieken

Algemene statistieken
  • Deze quiz is 2.540 keer genomen
  • De gemiddelde score is 9 van 20
Antwoordstatistieken
Vraag Antwoord % Correct
Wat eten reuzenpanda's voornamelijk? Bamboe
97%
Welk land grenst aan het westen van Zwitserland? Frankrijk
95%
Welk kledingstuk dragen Dracula en Superman? Cape
93%
2, 3, 7, 11 en 19 zijn allemaal voorbeelden van wat voor soort getal? {Priem}getal
82%
Welke drie modemerken worden het meest genoemd in hiphopmuziek? Gucci
67%
Wat zit er tussen milli en nano? Micro
57%
Welke actrice speelde Hermelien Griffel? Emma Watson
55%
Welke drie modemerken worden het meest genoemd in hiphopmuziek? Prada
48%
Van de eieren van welke vis komt kaviaar traditioneel? Belugasteur
44%
Welk land ligt voornamelijk in Anatolië? Turkije
34%
Welk land heette vroeger Ceylon? Sri Lanka
32%
Welke film speelde zich af op de maan van de planeet Pandora? Avatar
30%
Hoe heet de driekoppige hond die de onderwereld bewaakt? Kerberos
30%
Hoe staat necrotiserende fasciitis beter bekend? {Vleesetende} bacteriën
21%
Welke komeet passeert de Aarde elke 76 jaar? Komeet van {Halley}
20%
Van welke plant wordt tequila gemaakt? Blauwe {agave}
18%
Welke drie modemerken worden het meest genoemd in hiphopmuziek? Versace
18%
Welk Bijbelpersonage had dusdanig veel moeite met praten dat zijn broer Aäron al het praten in het openbaar voor hem moest doen? Mozes
17%
Waar is een kynofoob bang voor? Honden
13%
Welk woord betekent iets wat je aan een ketting kunt hangen, of iets waar je vee in kunt houden? Kraal
6%
Geen overeenkomende quizzen gevonden
Scoreverdeling
Procent van Mensen met Elke Score
Percentiel versus Aantal Correcte Antwoorden
Uw Scoregeschiedenis
U heeft deze quiz nog niet genomen